<?xml version="1.0" encoding="UTF-8"?>
<marc:record xmlns:marc="http://www.loc.gov/MARC21/slim">
   <marc:leader>00000nam a2200000 a 4500</marc:leader>
   <marc:datafield ind1="1" ind2=" " tag="100">
      <marc:subfield code="a">Björkman, Greg</marc:subfield>
      <marc:subfield code="4">drt</marc:subfield>
      <marc:subfield code="e">Regisseur/-in</marc:subfield>
   </marc:datafield>
   <marc:datafield ind1="0" ind2="0" tag="245">
      <marc:subfield code="a">Press play and love again</marc:subfield>
   </marc:datafield>
   <marc:datafield ind1=" " ind2="1" tag="264">
      <marc:subfield code="a">Köln</marc:subfield>
      <marc:subfield code="b">WVG Medien</marc:subfield>
      <marc:subfield code="c">2022</marc:subfield>
   </marc:datafield>
   <marc:datafield ind1="1" ind2=" " tag="520">
      <marc:subfield code="a">Frisch verliebt verbringen Laura und Harrison einen traumhaften Sommer und nehmen dabei ein ganz persönliches Mixtape mit Liedern auf, die sie an ganz besondere Momente erinnern. Doch die junge Liebe wird plötzlich auseinandergerissen, als Harrison bei einem Unfall ums Leben kommt. Erst einige Jahre später bringt es Laura über sich, das Mixtape wieder anzuhören - und da passiert das Unglaubliche: Mithilfe der Songs reist Laura zurück durch die Zeit und hat die Möglichkeit, die Vergangenheit zu ändern. Sie warnt Harrison vor dem bevorstehenden Unheil.</marc:subfield>
   </marc:datafield>
   <marc:datafield ind1=" " ind2=" " tag="020">
      <marc:subfield code="a">4013549137164</marc:subfield>
      <marc:subfield code="9">4013549137164</marc:subfield>
   </marc:datafield>
   <marc:datafield ind1="0" ind2=" " tag="490">
      <marc:subfield code="v">0</marc:subfield>
   </marc:datafield>
   <marc:datafield ind1=" " ind2=" " tag="300">
      <marc:subfield code="a">1 DVD</marc:subfield>
   </marc:datafield>
</marc:record>
